[Event "Moscow Open E"]
[Site "Moscow RUS"]
[Date "2011.02.05"]
[Round "8"]
[White "Kovalenko, Igor"]
[Black "Kabanov, Nikolai"]
[Result "1/2-1/2"]
[WhiteTitle "IM"]
[BlackTitle "GM"]
[WhiteElo "2515"]
[BlackElo "2482"]
[WhiteFideId "14117908"]
[BlackFideId "4127820"]
[EventDate "2011.01.29"]

1. d4 d6 2. Bf4 Nf6 3. Nf3 g6 4. c4 Bg7 5. Nc3 O-O 6. e3 c5 7. Be2 Nh5 8. Bg5 h6
9. Bh4 g5 10. Bg3 f5 11. dxc5 Nxg3 12. hxg3 dxc5 13. Qd5+ Qxd5 14. cxd5 Nd7 15.
O-O-O Rd8 16. d6 e6 17. e4 Nb6 18. a4 a5 19. Bb5 Bd7 20. exf5 exf5 21. Bxd7 Rxd7
22. Nd5 Nxd5 23. Rxd5 Rad8 24. Rhd1 b6 25. b3 Bf8 26. Rxf5 Rxd6 27. Rxd6 Rxd6
28. Nd2 b5 29. axb5 Rb6 30. Kc2 Rxb5 31. Re5 Bg7 32. Re6 Rb7 33. Ra6 Re7 34. Kd3
Rd7+ 35. Kc2 Re7 36. f3 Re2 37. Kd3 Rxg2 38. g4 h5 39. gxh5 g4 40. h6 Bf8 41.
Ra8 Rh2 42. fxg4 Rxh6 43. Rxa5 Rh3+ 44. Ke4 Bh6 45. Nf3 Rg3 46. Ne5 Rxb3 47.
Rxc5 Rb7 48. Rc6 Bg7 49. Nd3 Rb5 50. Kf4 Rd5 51. Ne1 Bf8 52. Nf3 Be7 53. Ke4 Rc5
54. Ra6 Rb5 55. Ne5 Bh4 56. Nf3 Be7 57. Nd4 Rb4 58. Kd5 Kf7 59. Nc6 Rb5+ 60. Ke4
Bf6 61. Kf4 Bg5+ 62. Ke4 Bf6 63. Ra4 Rc5 64. Na5 Rc3 65. Rb4 Be7 66. Rb5 Rc5 1/2-1/2

[Event "Moscow Open E"]
[Site "Moscow RUS"]
[Date "2011.02.05"]
[Round "8"]
[White "Zhou, Weiqi"]
[Black "Khismatullin, Denis"]
[Result "1/2-1/2"]
[WhiteTitle "GM"]
[BlackTitle "GM"]
[WhiteElo "2573"]
[BlackElo "2649"]
[WhiteFideId "8601674"]
[BlackFideId "4142578"]
[EventDate "2011.01.29"]

1. d4 Nf6 2. c4 e6 3. Nf3 d5 4. Nc3 c5 5. cxd5 Nxd5 6. e4 Nxc3 7. bxc3 cxd4 8.
cxd4 Bb4+ 9. Bd2 Bxd2+ 10. Qxd2 O-O 11. Bc4 b6 12. O-O Bb7 13. Rfe1 Nd7 14. a4
Rc8 15. Bd3 Qc7 16. a5 Rfd8 17. axb6 axb6 18. Rab1 h6 19. h3 Qd6 20. Rb3 Rc7 21.
Qb2 Qf4 22. Qd2 Qd6 23. Qb2 Rdc8 24. Qd2 1/2-1/2

[Event "Moscow Open E"]
[Site "Moscow RUS"]
[Date "2011.02.05"]
[Round "8"]
[White "Demchenko, Anton"]
[Black "Turov, Maxim"]
[Result "1/2-1/2"]
[WhiteTitle "IM"]
[BlackTitle "GM"]
[WhiteElo "2546"]
[BlackElo "2631"]
[WhiteFideId "4160258"]
[BlackFideId "4120086"]
[EventDate "2011.01.29"]

1. g3 g6 2. Bg2 Bg7 3. Nf3 Nf6 4. O-O O-O 5. Re1 c5 6. e4 Nc6 7. c3 d6 8. h3 e5
9. d3 Ne8 10. Nbd2 h6 11. a3 Be6 12. b4 Nc7 13. Bb2 a5 14. bxa5 Rxa5 15. h4 Qd7
16. h5 b5 17. Nf1 c4 18. Ne3 cxd3 19. Qxd3 Na6 20. Rad1 Rd8 21. Qe2 Nc5 22. hxg6
fxg6 23. c4 Qb7 24. Bf1 b4 25. axb4 Qxb4 26. Nd5 Qb7 27. Ra1 Rxa1 28. Bxa1 Qf7
29. Qe3 Rf8 30. Bg2 g5 31. Rb1 Bg4 1/2-1/2

[Event "Moscow Open E"]
[Site "Moscow RUS"]
[Date "2011.02.05"]
[Round "8"]
[White "Yu, Yangyi"]
[Black "Matlakov, Maxim"]
[Result "1/2-1/2"]
[WhiteTitle "GM"]
[BlackTitle "GM"]
[WhiteElo "2607"]
[BlackElo "2616"]
[WhiteFideId "8603820"]
[BlackFideId "4168003"]
[EventDate "2011.01.29"]

1. e4 c6 2. d4 d5 3. Nc3 dxe4 4. Nxe4 Nd7 5. Ng5 Ngf6 6. Bc4 e6 7. Qe2 Nb6 8.
Bd3 h6 9. N5f3 c5 10. dxc5 Bxc5 11. Ne5 Nbd7 12. Ngf3 O-O 13. O-O b6 14. Rd1
Nxe5 15. Nxe5 Qe7 16. a4 Bb7 17. a5 bxa5 18. Rxa5 Rfd8 19. Be3 Bb6 20. Ra4 Rd5
21. Ng4 Nxg4 22. Rxg4 Re5 23. Bxh6 Rxe2 24. Rxg7+ Kh8 1/2-1/2

[Event "Moscow Open E"]
[Site "Moscow RUS"]
[Date "2011.02.05"]
[Round "8"]
[White "Volkov, Sergey"]
[Black "Obolenskikh, Dmitry"]
[Result "1-0"]
[WhiteTitle "GM"]
[WhiteElo "2602"]
[BlackElo "2467"]
[WhiteFideId "4122763"]
[BlackFideId "4156013"]
[EventDate "2011.01.29"]

1. d4 d5 2. c4 c6 3. Nf3 Nf6 4. e3 e6 5. b3 Nbd7 6. Bd3 Bd6 7. Bb2 O-O 8. O-O b6
9. Nbd2 Bb7 10. Rc1 Qe7 11. Ne5 Rac8 12. Qe2 c5 13. Rfd1 cxd4 14. exd4 Ba3 15.
Bxa3 Qxa3 16. Ndf3 Qe7 17. a4 g6 18. Qe3 Rfd8 19. h3 Nxe5 20. Nxe5 Kg7 21. Be2
dxc4 22. bxc4 Nd7 23. Ng4 h5 24. Qh6+ Kg8 25. Ne3 Nf6 26. a5 e5 27. d5 Rd6 28.
axb6 axb6 29. Ra1 Ne4 30. Bf3 Nc5 31. Bxh5 gxh5 32. Nf5 Rxh6 33. Nxe7+ Kh7 34.
Nxc8 Bxc8 35. Ra7 Kg7 36. f3 Rd6 37. Rc7 Bd7 38. Ra1 h4 39. Ra8 Rg6 40. Raa7 Rd6
41. Kf2 Kf6 42. Ra8 Kg7 43. Rd8 Kf6 44. Rc6 Ke7 45. Rxd6 Kxd6 46. Rb8 b5 47.
cxb5 Kxd5 48. Ke3 Kc4 49. b6 Kb5 50. b7 Be6 51. g3 hxg3 52. h4 g2 53. Kf2 Kb6
54. h5 Nd3+ 55. Kg1 Nc5 56. h6 Bf5 57. Rf8 Nxb7 58. Rxf7 Bb1 59. h7 Bxh7 60.
Rxh7 Na5 61. Kxg2 Kc6 62. Rh8 Kd5 63. Rd8+ Ke6 64. Kg3 Nc6 65. Re8+ Kf5 66. Kf2
Nb4 67. Rd8 Ke6 68. Kg3 Nc6 69. Rd1 Kf5 70. Rd6 Nd4 71. Kf2 Ne6 72. Ke3 Ng5 73.
Rh6 Ne6 74. Kf2 Nf4 75. Rh8 Nd5 76. Rh5+ Kf4 77. Rh8 Kf5 78. Rf8+ Kg5 79. Ke2
Nf4+ 80. Ke3 Ne6 81. Ra8 Kf5 82. Ra5 Nf4 83. Kf2 Ne6 84. Kg3 Nd4 85. Ra7 Ne6 86.
Rf7+ Kg6 87. Re7 Kf5 88. Re8 Nd4 89. Kf2 Kf4 90. Kg2 Kf5 91. Kg3 Ne2+ 92. Kh4
Kf4 93. Rf8+ Ke3 94. Kg4 Nd4 95. Ra8 Ke2 96. Ra2+ Kd3 97. Ra5 1-0

[Event "Moscow Open E"]
[Site "Moscow RUS"]
[Date "2011.02.05"]
[Round "8"]
[White "Kharchenko, Boris"]
[Black "Kryakvin, Dmitry"]
[Result "0-1"]
[WhiteTitle "IM"]
[BlackTitle "GM"]
[WhiteElo "2467"]
[BlackElo "2586"]
[WhiteFideId "14113210"]
[BlackFideId "4153278"]
[EventDate "2011.01.29"]

1. e4 e5 2. Nf3 Nc6 3. Bb5 a6 4. Ba4 Nf6 5. O-O Be7 6. Re1 b5 7. Bb3 d6 8. c3
O-O 9. h3 Na5 10. Bc2 c5 11. d4 Nd7 12. Nbd2 exd4 13. cxd4 Nc6 14. Nf1 Bf6 15.
Be3 Qb6 16. d5 Nce5 17. Nxe5 Nxe5 18. b3 Ng6 19. Rc1 Qd8 20. Ng3 Bb2 21. Rb1 Be5
22. Nf5 Nh4 23. Nxh4 Qxh4 24. Qd2 b4 25. Qe2 f5 26. exf5 Bxf5 27. Bxf5 Rxf5 28.
Qg4 Qf6 29. Qc4 a5 30. Rbd1 Rf8 31. Re2 Qf7 32. Rd3 Bc3 33. Rd1 Re8 34. Qb5 Rfe5
35. Rc2 h6 36. Rcc1 Rf8 37. Rc2 Rxd5 38. Rxd5 Qxd5 39. Rc1 Be5 40. Qxa5 Qb7 41.
Bxc5 dxc5 42. Qxc5 Bc3 43. Rd1 Qf7 44. Rd3 Qf5 45. Qc4+ Kh7 0-1

[Event "Moscow Open E"]
[Site "Moscow RUS"]
[Date "2011.02.05"]
[Round "8"]
[White "Kotsur, Pavel"]
[Black "Barbosa, Oliver"]
[Result "0-1"]
[WhiteTitle "GM"]
[BlackTitle "IM"]
[WhiteElo "2559"]
[BlackElo "2461"]
[WhiteFideId "13700278"]
[BlackFideId "5201640"]
[EventDate "2011.01.29"]

1. e4 c6 2. d4 d5 3. Nd2 dxe4 4. Nxe4 Bf5 5. Ng3 Bg6 6. h4 h6 7. Nf3 Nd7 8. h5
Bh7 9. Bd3 Bxd3 10. Qxd3 e6 11. Bd2 Ngf6 12. O-O-O Be7 13. Rhe1 O-O 14. Qe2 Qc7
15. Ne5 c5 16. dxc5 Nxc5 17. Kb1 Rac8 18. c4 a6 19. f4 b5 20. f5 bxc4 21. fxe6
fxe6 22. Qxc4 Nd5 23. Ng6 Qxg3 24. Rxe6 Nxe6 25. Qxd5 Qd6 26. Bb4 Qxd5 27. Nxe7+
Kh7 28. Nxd5 Rf2 29. Ne7 Rd8 30. Rc1 Nf4 31. Ba5 Rd7 32. Ng6 Nxg6 33. hxg6+ Kxg6
34. a4 Rxg2 35. Rc6+ Kf5 36. Rxa6 h5 37. Ra8 h4 38. Rh8 Ra7 39. Bd8 Ra8 40. a5
g5 41. b4 Rd2 42. Rf8+ Ke5 0-1

[Event "Moscow Open E"]
[Site "Moscow RUS"]
[Date "2011.02.05"]
[Round "8"]
[White "Jumabayev, Rinat"]
[Black "Ulko, Jaroslav"]
[Result "1-0"]
[WhiteTitle "GM"]
[BlackTitle "IM"]
[WhiteElo "2555"]
[BlackElo "2458"]
[WhiteFideId "13702661"]
[BlackFideId "4116658"]
[EventDate "2011.01.29"]

1. d4 Nf6 2. c4 e6 3. Nf3 d5 4. g3 dxc4 5. Bg2 Nc6 6. Qa4 Bb4+ 7. Bd2 Nd5 8.
Bxb4 Nxb4 9. Nc3 Bd7 10. O-O a6 11. Ne5 b5 12. Qa3 Rb8 13. Nxc6 Nxc6 14. d5 b4
15. Qxa6 Rb6 16. Qxc4 Ne5 17. Qe4 Qf6 18. dxe6 fxe6 19. Qa8+ Qd8 20. Qxd8+ Kxd8
21. Ne4 Bb5 22. Rfd1+ Ke7 23. Rac1 Rc8 24. Kf1 Rc6 25. Rc5 Rxc5 26. Nxc5 Nd7 27.
Rc1 Nxc5 28. Rxc5 c6 29. Ke1 Kd6 30. Rg5 Rc7 31. Be4 Ra7 32. Bb1 c5 33. Kd2 h6
34. Rg4 Be8 35. h4 e5 36. f4 Bh5 37. fxe5+ Kxe5 38. Re4+ Kd6 39. Re3 c4 40. Kc1
Rf7 41. Bh7 Rf1+ 42. Kc2 Re1 43. Kd2 Ra1 44. Bg8 Rxa2 45. Bxc4 Ra7 46. Kd3 Rd7
47. Kc2 Bg4 48. Kb3 Kc5 49. Re4 h5 50. Bd3 Ra7 51. Rc4+ Kd5 52. Kxb4 Ra1 53.
Be4+ Ke5 54. Bf3 Be6 55. Re4+ Kf5 56. Rf4+ Ke5 57. Bxh5 Rg1 58. Rf3 Bf5 59. Bf7
Bg4 60. Re3+ Kd4 61. Rd3+ Ke5 62. Bc4 Rg2 63. Re3+ Kd4 64. Re7 Rxg3 65. Rxg7 1-0

[Event "Moscow Open E"]
[Site "Moscow RUS"]
[Date "2011.02.05"]
[Round "8"]
[White "Bukavshin, Ivan"]
[Black "Geller, Jakov"]
[Result "1-0"]
[WhiteTitle "FM"]
[BlackTitle "IM"]
[WhiteElo "2458"]
[BlackElo "2544"]
[WhiteFideId "4199758"]
[BlackFideId "4151984"]
[EventDate "2011.01.29"]

1. d4 d5 2. c4 e6 3. Nc3 c6 4. e3 Bd6 5. Bd3 f5 6. Qc2 Nf6 7. Nge2 O-O 8. f3 a6
9. c5 Bc7 10. Bd2 Qe7 11. O-O-O e5 12. dxe5 Bxe5 13. Na4 Be6 14. Nd4 g6 15. h3
Nbd7 16. g4 Bxd4 17. exd4 Ne8 18. Rde1 f4 19. h4 Nc7 20. Bc3 Rae8 21. Re2 Qg7
22. Rhe1 Rf7 23. Ba5 Nf8 24. Bxc7 Rxc7 25. Re5 Rce7 26. Qc3 Nd7 27. R5e2 Qf6 28.
g5 Qf7 29. Qd2 Nf8 30. Nc3 Nd7 31. Kd1 Nf8 32. b4 Qg7 33. Bc2 h6 34. Re5 hxg5
35. Rxg5 Bf7 36. Rxe7 Rxe7 37. Rg4 Ne6 38. Ne2 Qf6 39. Kc1 Be8 40. Kb1 Kg7 41.
Qd3 Kf8 42. Qd2 Kg7 43. a3 Kh8 44. Nxf4 Nxf4 45. Rxf4 Qe6 46. Kb2 Qe3 47. Qxe3
Rxe3 48. Rg4 Rxf3 49. Bxg6 Bxg6 50. Rxg6 Rd3 51. Rd6 Rxd4 52. Rd7 a5 53. Rxb7
axb4 54. axb4 Rc4 55. Kb3 Rc1 56. Rc7 Rb1+ 57. Ka3 Ra1+ 58. Kb2 Ra6 59. h5 1-0

[Event "Moscow Open E"]
[Site "Moscow RUS"]
[Date "2011.02.05"]
[Round "8"]
[White "Voitsekhovsky, Stanislav"]
[Black "Grigoryan, Karen H."]
[Result "1-0"]
[WhiteTitle "GM"]
[BlackTitle "FM"]
[WhiteElo "2537"]
[BlackElo "2454"]
[WhiteFideId "4113470"]
[BlackFideId "13301004"]
[EventDate "2011.01.29"]

1. e4 e6 2. d3 d5 3. Nd2 c5 4. Ngf3 Nc6 5. g3 Bd6 6. Bg2 Nge7 7. O-O O-O 8. Nh4
f5 9. exd5 exd5 10. f4 Be6 11. Ndf3 Kh8 12. Re1 Qd7 13. c3 d4 14. c4 Rab8 15. b3
b5 16. Ba3 Bg8 17. Ne5 Bxe5 18. fxe5 b4 19. Bc1 Nd8 20. Bd2 Ne6 21. a3 f4 22. g4
g5 23. Nf3 h5 24. h3 Bh7 25. Qe2 Ng6 26. axb4 cxb4 27. Ra5 Nh4 28. Nxh4 gxh4 29.
Bf3 hxg4 30. hxg4 Qe7 31. Rea1 Nc5 32. e6 Nxb3 33. Rxa7 Qf6 34. Rxh7+ Kxh7 35.
Ra7+ Kg8 36. Qe4 Qh6 37. e7 Nxd2 38. Qd5+ Kh8 39. Qe5+ Rf6 40. Qxb8+ 1-0

[Event "Moscow Open E"]
[Site "Moscow RUS"]
[Date "2011.02.06"]
[Round "9"]
[White "Kovalenko, Igor"]
[Black "Amonatov, Farrukh"]
[Result "1/2-1/2"]
[WhiteTitle "IM"]
[BlackTitle "GM"]
[WhiteElo "2515"]
[BlackElo "2590"]
[WhiteFideId "14117908"]
[BlackFideId "14700077"]
[EventDate "2011.01.29"]

1. d4 d5 2. Nf3 Nf6 3. c4 c6 4. cxd5 cxd5 5. Nc3 Nc6 6. Bf4 a6 7. Rc1 e6 8. e3
Be7 9. h3 O-O 10. Bd3 Na5 11. O-O b5 12. a4 Nc4 13. Qe2 b4 14. Nb1 a5 15. b3 Nd6
16. Ne5 Bb7 17. Nc6 Bxc6 18. Rxc6 Qd7 19. Bb5 Nxb5 20. axb5 Rfc8 21. Rfc1 Ne8
22. Qc2 Rd8 23. Nd2 Qb7 24. b6 Bd6 25. Bxd6 Rxd6 26. e4 Rb8 27. exd5 exd5 28.
Qc5 Rxc6 29. Qxc6 Qxb6 30. Qxb6 Rxb6 31. Rc5 Ra6 32. Rxd5 Kf8 33. Nc4 a4 34.
bxa4 Rxa4 35. Rb5 b3 36. Nd2 Rxd4 37. Nxb3 1/2-1/2

[Event "Moscow Open E"]
[Site "Moscow RUS"]
[Date "2011.02.06"]
[Round "9"]
[White "Turov, Maxim"]
[Black "Zhou, Weiqi"]
[Result "1/2-1/2"]
[WhiteTitle "GM"]
[BlackTitle "GM"]
[WhiteElo "2631"]
[BlackElo "2573"]
[WhiteFideId "4120086"]
[BlackFideId "8601674"]
[EventDate "2011.01.29"]

1. c4 Nf6 2. Nc3 e6 3. Nf3 d5 4. d4 Bb4 5. cxd5 exd5 6. Qa4+ Nc6 7. Bg5 h6 8.
Bxf6 Qxf6 9. e3 O-O 10. Be2 Be6 11. a3 Bxc3+ 12. bxc3 Ne7 13. O-O Nf5 14. c4
dxc4 15. Bxc4 Nd6 16. Bxe6 Qxe6 17. Rfc1 c6 18. Ne5 Rfc8 19. Nd3 Qf5 20. Qb3 b6
21. Ne5 c5 22. Qd5 Qe6 23. Qxe6 fxe6 24. dxc5 Rxc5 25. Rxc5 bxc5 26. Rd1 Nf7 27.
Nc6 Kf8 28. Kf1 Ke8 29. Rc1 Kd7 30. Rxc5 Kd6 31. Rc4 Rc8 32. Rf4 Rc7 33. Nd4 Rb7
34. Nb5+ Kc5 35. Nc3 e5 36. Ra4 Nd8 37. Ne4+ Kd5 38. Nc3+ Kc5 39. Ra5+ Kc4 40.
Na4 Nc6 41. Rc5+ Kb3 42. Rxc6 Kxa4 43. Ra6+ Kb5 44. Re6 Ka4 45. Ra6+ Kb5 46. Re6
Ka4 47. Rxe5 Kxa3 48. Ra5+ Kb4 49. Ra6 Kb5 50. Ra1 Rd7 51. Ke2 a5 52. Rd1 Ra7
53. Kd2 g5 54. Kc3 Rc7+ 55. Kb2 Rf7 56. f3 g4 57. f4 Re7 58. Re1 Kc4 59. e4 h5
60. e5 Kd5 61. Ka3 Ke6 62. Ka4 Rb7 63. Kxa5 Rb2 64. g3 h4 65. Rh1 Rg2 66. Kb4
hxg3 67. hxg3 Rxg3 68. Rh6+ Kd5 69. Rd6+ Ke4 70. Rf6 Re3 71. Kc5 g3 72. Kd6 g2
73. Rg6 Kxf4 1/2-1/2

[Event "Moscow Open E"]
[Site "Moscow RUS"]
[Date "2011.02.06"]
[Round "9"]
[White "Khismatullin, Denis"]
[Black "Voitsekhovsky, Stanislav"]
[Result "0-1"]
[WhiteTitle "GM"]
[BlackTitle "GM"]
[WhiteElo "2649"]
[BlackElo "2537"]
[WhiteFideId "4142578"]
[BlackFideId "4113470"]
[EventDate "2011.01.29"]

1. c4 e5 2. Nc3 d6 3. Nf3 f5 4. d4 e4 5. Ng5 Be7 6. Nh3 Nf6 7. g3 O-O 8. Bg2 c6
9. d5 Ng4 10. O-O Na6 11. f3 exf3 12. exf3 Ne5 13. b3 Bf6 14. Bd2 Bd7 15. dxc6
bxc6 16. Nf2 Nc5 17. Qc2 Ne6 18. Be3 f4 19. Bd2 Ng6 20. Rae1 Be5 21. Ne2 d5 22.
cxd5 cxd5 23. Qd3 Bc6 24. Qa6 Qd7 25. Bh3 Rae8 26. Nxf4 Ngxf4 27. Bxf4 Bb5 28.
Qa5 Bxf1 29. Bxe6+ Rxe6 30. Bxe5 Ba6 31. Bd4 Rxe1+ 32. Qxe1 Rxf3 33. Qe5 Rf8 34.
Kg2 Re8 35. Qf4 Be2 36. g4 Rf8 37. Qg5 Bf3+ 38. Kg3 Be4 39. Qe5 Re8 40. Qf4 a6
41. b4 Qe7 42. Bc5 Qf6 43. Qxf6 gxf6 44. Kf4 Bc2 45. Be3 Kf7 46. h4 Rc8 47. Bc5
d4 48. Ne4 Bxe4 49. Kxe4 Rg8 50. Kf3 d3 51. Be3 Rc8 52. a4 Rc2 53. b5 axb5 54.
axb5 Rb2 55. b6 Ke6 56. Bd4 Rb4 57. Bc5 Rb5 58. Bd4 d2 0-1

[Event "Moscow Open E"]
[Site "Moscow RUS"]
[Date "2011.02.06"]
[Round "9"]
[White "Matlakov, Maxim"]
[Black "Bezgodov, Alexei"]
[Result "1-0"]
[WhiteTitle "GM"]
[BlackTitle "GM"]
[WhiteElo "2616"]
[BlackElo "2494"]
[WhiteFideId "4168003"]
[BlackFideId "4105257"]
[EventDate "2011.01.29"]

1. d4 d5 2. Nf3 c5 3. c4 cxd4 4. cxd5 Nf6 5. Qxd4 Qxd5 6. Nc3 Qxd4 7. Nxd4 a6 8.
g3 g6 9. Bg2 Bg7 10. O-O O-O 11. Rd1 Nbd7 12. b3 Rb8 13. h3 Re8 14. Be3 e5 15.
Nc2 Bf8 16. g4 h6 17. Rac1 b6 18. Nd5 Nxd5 19. Bxd5 Nf6 20. Bc6 Re6 21. Ne1 Kg7
22. Bg2 Bd7 23. Nf3 Bb5 24. Kf1 Bc6 25. g5 hxg5 26. Nxg5 Bxg2+ 27. Kxg2 Re7 28.
Rc6 Reb7 29. Nf3 Nd7 30. Nd2 Bc5 31. Bxc5 Nxc5 32. Nc4 Rd7 33. Rxd7 Nxd7 34. Rc7
Rd8 35. Nd6 Nc5 36. Nxf7 Rd7 37. Rxd7 Nxd7 38. Nd6 Kf6 39. Kf3 Ke6 40. Ne4 Kd5
41. e3 b5 42. Nc3+ Ke6 43. b4 Nb6 44. Kg4 Nd7 45. Kg5 Nf8 46. h4 Kf7 47. Ne4
Ne6+ 48. Kh6 Nc7 49. Nc5 Nd5 50. a3 Nc3 51. Kg5 Nb1 52. a4 bxa4 53. Nxa4 1-0

[Event "Moscow Open E"]
[Site "Moscow RUS"]
[Date "2011.02.06"]
[Round "9"]
[White "Barbosa, Oliver"]
[Black "Volkov, Sergey"]
[Result "1-0"]
[WhiteTitle "IM"]
[BlackTitle "GM"]
[WhiteElo "2461"]
[BlackElo "2602"]
[WhiteFideId "5201640"]
[BlackFideId "4122763"]
[EventDate "2011.01.29"]

1. d4 d5 2. c4 e6 3. Nf3 c6 4. e3 Bd6 5. Bd3 f5 6. O-O Nf6 7. b3 Qe7 8. Bb2 O-O
9. Qc1 Na6 10. a3 Bd7 11. Nc3 Rac8 12. c5 Bb8 13. b4 Ne4 14. Ne2 Be8 15. Ne5 Nc7
16. f3 Nf6 17. Bc3 Nd7 18. Qb2 Nb5 19. Be1 Bxe5 20. dxe5 b6 21. Rc1 bxc5 22.
bxc5 Rb8 23. a4 Nc7 24. Qc3 d4 25. exd4 Nd5 26. Qd2 f4 27. Bf2 Bg6 28. Be4 Qf7
29. Bxd5 exd5 30. Rfe1 Rb3 31. Rc3 Rb4 32. Ra3 Rb7 33. Ra2 h6 34. Rb2 Rxb2 35.
Qxb2 Bh7 36. Qb7 Nxe5 37. Qxf7+ Nxf7 38. Nxf4 Rb8 39. Re2 Nd8 40. h4 Kf7 41. Re5
Nb7 42. Re6 Rc8 43. g4 Bc2 44. Re2 Bxa4 45. Ra2 Bb5 46. Rxa7 Rc7 47. h5 Rd7 48.
Ng6 Nxc5 49. Ne5+ Ke6 50. Nxd7 Nxd7 51. Kg2 Bd3 52. Rc7 Bb5 53. Bg3 c5 54. dxc5
d4 55. c6 Nf6 56. Rxg7 Bxc6 57. Bf4 d3 58. Bxh6 Nd7 59. Rg6+ Kd5 60. Bf4 Ne5 61.
Rg5 d2 62. Bxd2 Ke6 63. Kg3 Nxf3 64. Rg6+ Kd7 65. Rxc6 Nxd2 66. Ra6 1-0

[Event "Moscow Open E"]
[Site "Moscow RUS"]
[Date "2011.02.06"]
[Round "9"]
[White "Kryakvin, Dmitry"]
[Black "Bukavshin, Ivan"]
[Result "1/2-1/2"]
[WhiteTitle "GM"]
[BlackTitle "FM"]
[WhiteElo "2586"]
[BlackElo "2458"]
[WhiteFideId "4153278"]
[BlackFideId "4199758"]
[EventDate "2011.01.29"]

1. d4 d5 2. c4 c6 3. Nf3 e6 4. e3 Nf6 5. Bd3 Nbd7 6. O-O Bd6 7. Nbd2 O-O 8. e4
e5 9. cxd5 cxd5 10. exd5 exd4 11. Ne4 Nxe4 12. Bxe4 Nc5 13. Qxd4 Nxe4 14. Qxe4
Re8 15. Qd4 Bf5 16. Be3 Qd7 17. Rfd1 Bc2 18. Re1 Qf5 19. Bd2 f6 20. Bc3 b6 21.
Rxe8+ Rxe8 22. Re1 Rxe1+ 23. Nxe1 Bc5 24. Qd2 Be4 25. Bb4 Bxb4 26. Qxb4 Bxd5 27.
a3 h6 28. f3 Qe5 29. Qd2 Bc4 1/2-1/2

[Event "Moscow Open E"]
[Site "Moscow RUS"]
[Date "2011.02.06"]
[Round "9"]
[White "Kornev, Alexei"]
[Black "Frolyanov, Dmitry"]
[Result "0-1"]
[WhiteTitle "GM"]
[BlackTitle "GM"]
[WhiteElo "2507"]
[BlackElo "2616"]
[WhiteFideId "4120949"]
[BlackFideId "4151976"]
[EventDate "2011.01.29"]

1. d4 d5 2. Nf3 Nf6 3. c4 e6 4. Nc3 dxc4 5. Bg5 a6 6. e4 b5 7. e5 h6 8. Bh4 g5
9. Nxg5 hxg5 10. Bxg5 Nbd7 11. exf6 Bb7 12. d5 Nc5 13. dxe6 Nxe6 14. Qxd8+ Rxd8
15. Be3 Nd4 16. O-O-O Nf5 17. Bd2 Bh6 18. f4 Rxd2 19. Re1+ Kf8 20. Kxd2 Bxf4+
21. Kc2 Ne3+ 22. Kb1 b4 23. Rxe3 Bxe3 24. Nd1 Be4+ 25. Ka1 Bd4 26. Bxc4 Bxg2 27.
Re1 Bxf6 28. Re2 Bf1 29. Re4 Bxc4 30. Rxc4 Rxh2 31. Rxc7 Rd2 32. Rc1 Kg7 33. Kb1
Bg5 34. Ka1 Rd3 35. Rb1 Rf3 36. a3 Bf6 37. Ka2 b3+ 38. Ka1 Bd4 39. Nc3 Bxc3 40.
bxc3 Rxc3 41. Kb2 Re3 42. Rc1 Kg6 43. a4 Kg5 44. Rc6 Re6 45. Rc5+ f5 46. Kxb3
Kg4 0-1

[Event "Moscow Open E"]
[Site "Moscow RUS"]
[Date "2011.02.06"]
[Round "9"]
[White "Burmakin, Vladimir"]
[Black "Iljiushenok, Ilia"]
[Result "1/2-1/2"]
[WhiteTitle "GM"]
[WhiteElo "2603"]
[BlackElo "2415"]
[WhiteFideId "4105109"]
[BlackFideId "24105074"]
[EventDate "2011.01.29"]

1. d4 c5 2. d5 d6 3. e4 g6 4. Nf3 Bg7 5. Be2 Nf6 6. Nc3 O-O 7. O-O e6 8. dxe6
Bxe6 9. Ng5 Nc6 10. Nxe6 fxe6 11. Be3 Qe7 12. Qd2 Rad8 13. Rae1 a6 14. a4 Nd7
15. f4 Nb6 16. b3 d5 17. exd5 exd5 18. Nd1 Qd6 19. g3 d4 20. Bf2 Nd5 21. Bg4
Rfe8 22. Rxe8+ Rxe8 23. Re1 Re7 24. Bf3 Ncb4 25. Nb2 Rxe1+ 26. Qxe1 Kf8 27. Qd2
b5 28. axb5 axb5 29. Nd3 Nxd3 30. Qxd3 Nb4 31. Qe4 Qe7 32. Qa8+ Kf7 33. Qb8 Qd7
34. Qb6 Bf8 35. Be4 Qe7 36. Bf3 Qd7 37. Be4 Qe7 38. Bf3 Qd7 39. Be2 1/2-1/2

[Event "Moscow Open E"]
[Site "Moscow RUS"]
[Date "2011.02.06"]
[Round "9"]
[White "Chernyshov, Konstantin"]
[Black "Hamitevici, Vladimir"]
[Result "1/2-1/2"]
[WhiteTitle "GM"]
[BlackTitle "IM"]
[WhiteElo "2597"]
[BlackElo "2412"]
[WhiteFideId "4117328"]
[BlackFideId "13902393"]
[EventDate "2011.01.29"]

1. c4 c5 2. Nc3 Nc6 3. g3 g6 4. Bg2 Bg7 5. b3 d6 6. Bb2 e5 7. e3 Nge7 8. Nge2
Bf5 9. O-O Qd7 10. d4 exd4 11. exd4 Nxd4 12. Nb5 Bc2 13. Qd2 Nxe2+ 14. Qxe2 Bxb2
15. Rae1 Be5 16. Qxc2 O-O 17. f4 Bf6 18. Rd1 Nf5 19. Bh3 a6 20. Bxf5 gxf5 21.
Nc3 Rae8 22. Nd5 Bg7 23. Rde1 Bd4+ 24. Kg2 Kh8 25. Nb6 Qc6+ 26. Nd5 Qd7 27. Nb6
Qc6+ 1/2-1/2